000
00229nam a2200085Ia 4500
245
0
_a
The yummiest love
100
_a
McCourt, Lisa New York, 2009 1st ed
_9
80993
942
_c
BK
008
210817s9999 xx 000 0 und d
999
_c
286500
_d
286499